|
|
|
|
| LEADER |
00000cam a2200000 c 4500 |
| 001 |
197187277 |
| 003 |
DE-627 |
| 005 |
20260206194721.0 |
| 007 |
tu |
| 008 |
960427s1975 xxu||||| 00| ||eng c |
| 020 |
|
|
|a 0030894131
|9 0-03-089413-1
|
| 035 |
|
|
|a (DE-627)197187277
|
| 035 |
|
|
|a (DE-603)198877277
|
| 035 |
|
|
|a (DE-576)023656700
|
| 035 |
|
|
|a (DE-599)GBV197187277
|
| 035 |
|
|
|a (OCoLC)832488795
|
| 035 |
|
|
|a (OCoLC)01243047
|
| 035 |
|
|
|a (DE-604)8051993813
|
| 040 |
|
|
|a DE-627
|b ger
|c DE-627
|e rakwb
|
| 041 |
|
|
|a eng
|
| 044 |
|
|
|c XD-US
|
| 082 |
0 |
|
|a 155.41
|
| 084 |
|
|
|a MR 6700
|2 rvk
|0 (DE-625)rvk/123535:
|
| 084 |
|
|
|a CQ 1000
|2 rvk
|0 (DE-625)rvk/19003:
|
| 245 |
0 |
0 |
|a Influences on human development
|c ed. by Urie Bronfenbrenner ...
|
| 250 |
|
|
|a 2. ed.
|
| 264 |
|
1 |
|a Hinsdale, Ill.
|b The Dryden Press
|c 1975
|
| 300 |
|
|
|a XII, 517 S
|b graph. Darst
|
| 336 |
|
|
|a Text
|b txt
|2 rdacontent
|
| 337 |
|
|
|a ohne Hilfsmittel zu benutzen
|b n
|2 rdamedia
|
| 338 |
|
|
|a Band
|b nc
|2 rdacarrier
|
| 500 |
|
|
|a Includes bibliogr. references
|
| 583 |
1 |
|
|a Archivierung prüfen
|c 20240324
|f DE-4165
|z 3
|2 pdager
|
| 650 |
0 |
7 |
|0 (DE-588)4055783-2
|0 (DE-627)104675101
|0 (DE-576)209115386
|a Sozialisation
|2 gnd
|
| 650 |
0 |
7 |
|0 (DE-588)4014963-8
|0 (DE-627)106338218
|0 (DE-576)208909990
|a Entwicklungspsychologie
|2 gnd
|
| 650 |
|
4 |
|a Soziales Verhalten
|
| 650 |
|
4 |
|a Intelligenz (psychologisch)
|
| 650 |
|
4 |
|a Kleinkinder
|
| 650 |
|
4 |
|a Entwicklungspsychologie
|
| 650 |
|
4 |
|a Jugendpsychologie
|
| 689 |
0 |
0 |
|d s
|0 (DE-588)4055783-2
|0 (DE-627)104675101
|0 (DE-576)209115386
|a Sozialisation
|2 gnd
|
| 689 |
0 |
|
|5 (DE-627)
|
| 700 |
1 |
|
|a Bronfenbrenner, Urie
|d 1917-2005
|e Hrsg.
|0 (DE-588)118857541
|0 (DE-627)079633447
|0 (DE-576)160438969
|4 edt
|
| 700 |
1 |
|
|a Mahoney, Maureen A.
|e Hrsg.
|4 edt
|
| 856 |
4 |
2 |
|u http://scans.hebis.de/HEBCGI/show.pl?19887727_toc.pdf
|m V:DE-603;B:DE-17
|q application/pdf
|3 Inhaltsverzeichnis
|7 1
|
| 935 |
|
|
|i Blocktest
|
| 935 |
|
|
|h HEB
|i 0501
|
| 935 |
|
|
|h HEB
|i 0503
|
| 936 |
r |
v |
|a MR 6700
|b Theorien der Sozialisierung, Sozialisation
|k Soziologie
|k Sozialwissenschaftliche Theorien und Methoden
|k Psychologische Ansätze
|k Theorien der Sozialisierung, Sozialisation
|0 (DE-627)1270710737
|0 (DE-625)rvk/123535:
|0 (DE-576)200710737
|
| 936 |
r |
v |
|a CQ 1000
|b Einführung, Grundfragen, Lehrbücher, Kompendien
|k Psychologie
|k Entwicklungspsychologie
|k Einführung, Grundfragen, Lehrbücher, Kompendien
|0 (DE-627)1271486873
|0 (DE-625)rvk/19003:
|0 (DE-576)201486873
|
| 936 |
s |
n |
|a c200
|2 mzub
|
| 951 |
|
|
|a BO
|
| ELC |
|
|
|b 1
|
| LOK |
|
|
|0 000 xxxxxcx a22 zn 4500
|
| LOK |
|
|
|0 001 3352966524
|
| LOK |
|
|
|0 003 DE-627
|
| LOK |
|
|
|0 004 197187277
|
| LOK |
|
|
|0 005 20020606000000
|
| LOK |
|
|
|0 008 910321||||||||||||||||ger|||||||
|
| LOK |
|
|
|0 040
|a DE-21
|c DE-627
|d DE-21
|
| LOK |
|
|
|0 852
|a DE-21
|
| LOK |
|
|
|0 852 1
|c KB 10 A 588
|9 00
|
| LOK |
|
|
|0 935
|a krim
|
| LOK |
|
|
|0 936ln
|a k8.7.3
|
| LOK |
|
|
|0 939
|a 21-03-91
|b l01
|
| ORI |
|
|
|a SA-MARC-krimdoka001.raw
|
| SIG |
|
|
|a UB: KB 10 A 588
|